[Event "COL-ch U16 sf1"]
[Site "Riohacha"]
[Date "2018.03.07"]
[Round "1.3"]
[White "Parra Meza, Brayan1111"]
[Black "Ricardo Benavides, Angel David"]
[Result "1-0"]
[WhiteElo "1665"]
[BlackElo "1600"]
[PlyCount "23"]
[EventDate "2018.03.07"]
[EventType "swiss"]
[EventRounds "6"]
[EventCountry "COL"]
[SourceTitle "EXT 2024"]
[Source "ChessBase"]
[SourceDate "2023.10.10"]
[SourceVersion "1"]
[SourceVersionDate "2023.10.10"]
[SourceQuality "1"]

1. e4 e5 2. Nc3 Nf6 3. Bc4 Nc6 4. d3 Be7 5. f4 d6 6. f5 b6 7. Nf3 Bb7 8. Qe2 0-0 9. Bd2 Nd4 10. Nxd4 exd4 11. Nb5 c6 12. Nxd4 1-0